| 000 | 00592nam a22002177a 4500 | ||
|---|---|---|---|
| 005 | 20251108171135.0 | ||
| 008 | 250721s1997 xx 000 0 ara d | ||
| 082 | 1 | 4 | _aط/500/هول |
| 100 | 1 | _aهولت، مايكل | |
| 245 | 1 | 0 | _aحكايات علمية / |
| 250 | _aط2 | ||
| 264 | 1 |
_aبيروت : _bمكتبة لبنان، _c1997. |
|
| 300 | _a4ج. | ||
| 650 | 1 | 7 | _aالعلم |
| 650 | 1 | 7 | _aتجارب |
| 650 | 1 | 7 | _aالعلوم التطبيقية |
| 653 | _aنااشئون صغار ( 10 - 14 سنة ) | ||
| 700 | 1 | _aورد، الآن | |
| 942 |
_2ddc _cBK |
||
| 999 |
_c57634 _d57634 |
||